01115nam a2200241 a 4500001000400000003001000004005001700014008004100031020001800072040002500090080001800115100003600133245033300169250002600502260003800528300002700566500010000593504002500693650004000718650003500758650005700793650002300850393BR-CuiBMT20231126225639.0231103b2022 mgba 000 0 por d a9786555183177 aBR-CuiBMTcBR-CuiBMT 22007a351.7121 aChaves, Luiz Claudio de Azevedo12aA atividade de planejamento e análise de mercado nas contratações governamentais : ba atividade de planejar e pesquisar preços de mercado nas licitações públicas e justificativa de preço nas contratações diretas da administração pública /cLuiz Claudio de Azevedo Chaves ; Benjamin Zymler, prefácio. a2. ed., rev. e atual. aBelo Horizonte :bFórum,c2022. a226 p. :bil. ;c22 cm aEdição revista e atualizada de acordo com a Lei nº 14.133/2021 e IN nº 065/2021/SEGES/ME. aInclui bibliografia. aAdministração públicazBrasil aDireito administrativozBrasil aContrato administrativoxAdministração pública aGestão pública